Report of the Committee on Sales Tax (Record no. 500299)

000 -LEADER
fixed length control field 00382cam a22001097a 4500
008 - FIXED-LENGTH DATA ELEMENTS--GENERAL INFORMATION
fixed length control field 180718b xxu||||| |||| 00| 0 eng d
082 ## - DEWEY DECIMAL CLASSIFICATION NUMBER
Classification number L27x54 In2
245 ## - TITLE STATEMENT
Title Report of the Committee on Sales Tax
Statement of responsibility, etc. by Directorate of Commercial Publicity, Ministry of Commerce, Directorate of Commercial Publicity, India
260 ## - PUBLICATION, DISTRIBUTION, ETC.
Place of publication, distribution, etc. Delhi
Name of publisher, distributor, etc.
Date of publication, distribution, etc.
300 ## - PHYSICAL DESCRIPTION
Extent 86p.
700 ## - ADDED ENTRY--PERSONAL NAME
Personal name India. Ministry of Commerce
Holdings
Withdrawn status Lost status Damaged status Not for loan Permanent Location Current Location Date acquired Full call number Barcode Date last seen Price effective from Koha item type
        Indian Institute of Public Administration Indian Institute of Public Administration 2018-08-04 L27x54 In2 G5404 2018-08-04 2018-08-04 G

Powered by Koha